- Honkai impact star rail - - Statistiques

Statistiques générales
  • Ce quiz a été pris 83 fois
  • Le résultat moyen est 21 sur 29
Statistiques - réponses
Réponse % Correct
Himeko
93%
Bronya
90%
Kafka
90%
Welt
90%
Dan Heng
88%
Gepard
87%
Seele
85%
Silver Wolf
85%
Blade
84%
March 7th
84%
Arlan
79%
Herta
78%
Jing Yuan
78%
Asta
76%
Bailu
76%
Clara
75%
Serval
75%
Natasha
73%
Hook
72%
Sampo
72%
Pela
70%
Fu Xuan
69%
Tingyun
66%
Yanqing
66%
Luocha
63%
Sushang
60%
Qingque
57%
Pionnier
33%
Pionnière
13%
Aucun quiz correspondant
Distribution des résultats
% des personnes avec chaque résultat
Percentile par nombre de réponses
Votre historique - résultats
Vous n’avez pas pris ce quiz